|
|
|
|
| LEADER |
00000nam a2200000 a 4500 |
| 001 |
UCW7517 |
| 003 |
CL-VaPUC |
| 008 |
930402e19920000CL |||||||||||||||||spa|d |
| 082 |
0 |
4 |
|a 261.8325
|b OVI
|2 21
|
| 100 |
|
|
|a Oviedo Cavada, Carlos
|e autor
|9 312665
|
| 245 |
1 |
4 |
|a Los pobres no pueden esperar: Juan Pablo II, Santiago 3 de Abril de 1987
|
| 300 |
|
|
|a 48 p
|
| 942 |
|
|
|c BK
|
| 945 |
|
|
|d 19930402 00:00:00
|
| 260 |
|
|
|a Santiago
|b CEPAL
|c 1992
|
| 500 |
|
|
|a Carta Pastoral del Arzobispo de Santiago, Monseñor Carlos Oviedo Cavada acerca de la pobreza
|
| 650 |
|
7 |
|a TEOLOGIA PASTORIAL
|2 CL-VaPUC
|9 312666
|
| 650 |
|
0 |
|a Iglesia católica y problemas sociales
|9 255796
|
| 651 |
|
7 |
|a CHILE
|2 CL-VaPUC
|9 312667
|
| 583 |
|
|
|a last modification
|c 20120606 10:14:50
|k Rodrigo Vera
|
| 999 |
|
|
|c 220242
|d 220240
|
| 952 |
|
|
|0 0
|1 0
|4 0
|6 261_832500000000000_OVI_1992
|7 0
|8 A
|9 212195
|a BIBEDU
|b BIBEDU
|d 2019-11-15
|i 2804506
|o 261.8325 OVI 1992
|p 2804506
|r 2019-11-15
|w 2019-11-15
|y BK
|k EDU
|
| 952 |
|
|
|0 0
|1 0
|4 0
|6 261_832500000000000_OVI_1992
|7 0
|8 A
|9 212197
|a BIBHIS
|b BIBHIS
|d 2019-11-15
|i 1230530
|o 261.8325 OVI 1992
|p 1230530
|r 2025-01-20
|w 2019-11-15
|y BK
|k HIS
|